| 000 | 00773nam a2200205Ia 4500 | ||
|---|---|---|---|
| 001 | 17301 | ||
| 003 | GE_BSU | ||
| 008 | 181216s||||||||xx |||||||||||||| ||und|| | ||
| 040 | _cGE_BSU | ||
| 080 | _a821.353.1(092 ბარათაშვილი,ნ.)(084.12) | ||
| 245 | _aფოტო-ალბომი[ტექსტით] | ||
| 245 | _cშემდგ.:სოლომონ ხუციშვილი;რედ.:ვახტანგ ჯავახაძე;მხატვ.:დავით დუნდუა. | ||
| 260 | _aთბილისი | ||
| 260 | _bსაბჭ.საქართველო | ||
| 260 | _c1968 | ||
| 300 | _a92გვ.;27სმ. | ||
| 300 | _eფოტოები | ||
| 653 | _aფოტო - ალბომი | ||
| 942 | _cBK | ||
| 999 |
_c50360 _d50360 |
||